000
00279nam a22001217a 4500
020
_a
07-014671-3
082
_a
629.25 CRO'A
100
_a
CROUSE, WILLIAM H
_9
40261
245
_a
AUTOMOTIVE ENGINE DESIGN
260
_a
NEWYORK
_b
MCGRAW HILL
_c
1970
300
_a
376P
942
_c
BK
999
_c
582412
_d
582412